LEADER 01314nlm 2200313 a 450 001 996441052103316 005 20211020130148.0 010 $a0-8229-4178-3 100 $a20020610d2002---- uy 0 101 0 $aeng 102 $aUS 135 $adrcnu 200 1 $aCelebrating women$egender, festival culture, and Bolshevik ideology, 1910-1939$fChoi Chatterjee 210 1 $aPittsburgh, Pa.$cUniversity of Pittsburgh Press$d2002 215 $aTesto elettronico (PDF) (X, 223 p. : ill. ) 225 2 $aPitt series in Russian and East European studies 230 $aBase dati testuale 330 $aChoi Chatterjee analizza sia gli atteggiamenti bolscevichi nei confronti delle donne sia i rituali di stato inventati che circondano la Giornata della donna per dimostrare i modi in cui queste celebrazioni hanno contribuito a costruire le nozioni di genere in Unione Sovietica. 410 0$aPitt series in Russian and East European studies 606 0 $aDonne$xCondizioni economiche e sociali$yUnione Sovietica z 1910-1939$2BNCF 676 $a305.420947 700 1$aCHATTERJEE,$bChoi$0842995 712 02$aAmerican Council of Learned Societies. 801 0$bcba$aIT$bcba$gREICAT 912 $a996441052103316 959 $aEB 969 $aER 996 $aCelebrating women$91881150 997 $aUNISA LEADER 01033nam0 22002531i 450 001 RML0233327 005 20231121125659.0 100 $a20121121d1991 ||||0itac50 ba 101 | $aita 102 $ait 181 1$6z01$ai $bxxxe 182 1$6z01$an 200 1 $aContratti commerciali internazionali$eLa negoziazione e la formulazione di accordi di agenzia, di concessione di vendita e di licenzia di proprietà intellettuale$fPatrick Hearn 210 $aMilano $cETAS Libri $d1991 215 $ax,277 p.$d24 cm. 700 1$aHEARN$b, Patrick$3RMLV148280$0460460 801 3$aIT$bIT-01$c20121121 850 $aIT-FR0098 899 $aBiblioteca Area Giuridico Economica$bFR0098 912 $aRML0233327 950 0$aBiblioteca Area Giuridico Economica$d 53IMP 346.07/97$e 53VM 0000015405 VM barcode:ECO004422. - Inventario:3412. - Fondo:Sala consultazioneVM$fA $h19961106$i20121204 977 $a 53 996 $aContratti commerciali internazionali$9191878 997 $aUNICAS